000
00321nam a2200133Ia 4500
008
231129s1975||||xx |||||||||||||| ||spa||
040
_b
spa
082
_a
Co861 S159p
100
_a
Salazar Valdes Hugo
245
0
_a
Pleamar : Poemas
260
_c
1975
264
_a
Imprenta Departamental del Valle
942
_2
ddc
_c
BKS
999
_c
22860
_d
22860